000 00809nam a22002537a 4500
001 020574822
003 TZ-ArACH
005 20251126123902.0
008 220426s2022 azu 000|0|eng|d
015 _aGBC279680
_2bnb
016 7 _a020574822
_2Uk
020 _a9781612681139 (pbk.) :
_c£7.99
040 _aStDuBDS
_beng
_cTZ-ArACH
_erda
050 _aHG179
_b.K565 2022
100 1 _aKiyosaki, Robert T.
_d1947-
_eauthor.
245 1 0 _aRich dad poor dad:
_bWhat the rich teach their kids about money that the poor and middle class do not!
_cRobert T. Kiyosaki.
250 _a25th anniversary edition.
260 _aArizona:
_bPlata Publishing;
_c2022
300 _axv, 348 p.:
_c20 cm
650 0 _aFinance, Personal.
650 0 _aInvestments.
_914674
650 0 _aRich people.
942 _2lcc
_cBOOK
999 _c7715
_d7715